{"text_format":"2","workbook":"xlsx","n_sheets":2,"sheets":["intrastat","Sheet"],"not_rendered":{"charts":0,"images":0,"macros":0,"external_links":0,"defined_names":1,"comments":0,"pivot_tables":0},"unopened":[],"bounds":{"document_bytes":16777216,"sheet_cells":100000,"run_cost":"one","rows_first":2000,"rows_last":500,"rows_between":2000,"halvings":0,"cell_chars":16384,"cell_head_chars":4096},"cells_cut":0,"cells_raw":0,"read":"whole","date_system":"1900"}

{"sheet":"intrastat","index":0,"n_rows":72,"n_cols":25,"rows_kept":72,"cut":false,"hidden":false,"merged":[]}
["DATA","FURNIZOR","CF","CountryOfOrigin","EXP","DeliveryTermsCode","ACode","Bcode","TransportCode","INVNR","VSCODE","NAME","GROUP","UM","Q","PRICE","NETWEIGHT","NETVALUE","SUPPL","SUPPLVALUE","Ppacking","Spacking","Paper","Plastic","Wooden"]
["2024-05-09","ATLAS DIGITAL SA","EL094154295","JP","GR","EXW",1,1.1000000000000001,3,null,"32151100","ROLAND MAX2 ESL4-440 BK",null,"Buc",1,409.05,0.62,409.05,2]
["2024-05-09","ATLAS DIGITAL SA","EL094154295","JP","GR","EXW",1,1.1000000000000001,3,null,"32151100","ROLAND TEXART INK 1L BK",null,"Buc",1,292.89999999999998,0.62,292.89999999999998,2]
["2024-05-17","ATLAS DIGITAL SA","EL094154295","JP","GR","EXW",1,1.1000000000000001,3,null,"32151100","ROLAND ESL3-440 BK",null,"Buc",2,409.05,1.24,818.1,2]
["2024-05-23","ATLAS DIGITAL SA","EL094154295","JP","GR","EXW",1,1.1000000000000001,3,null,"32151100","ROLAND UV INK UG-641 BK, 500cc",null,"Buc",4,252.5,1.88,1010,2,{"$f":"2561.2*0.1","v":256.12}]
["2024-05-09","ATLAS DIGITAL SA","EL094154295","JP","GR","EXW",1,1.1000000000000001,3,null,"32151900","ROLAND EUV5 INK MG 500cc",null,"Buc",1,414.1,0.62,414.1,2]
["2024-05-09","ATLAS DIGITAL SA","EL094154295","JP","GR","EXW",1,1.1000000000000001,3,null,"32151900","ROLAND EUV5 INK YE 500cc",null,"Buc",1,414.1,0.62,414.1,2]
["2024-05-09","ATLAS DIGITAL SA","EL094154295","JP","GR","EXW",1,1.1000000000000001,3,null,"32151900","ROLAND MAX2 ESL4-440 LM",null,"Buc",2,409.05,1.24,818.1,2]
["2024-05-09","ATLAS DIGITAL SA","EL094154295","JP","GR","EXW",1,1.1000000000000001,3,null,"32151900","ROLAND MAX2 ESL4-440 LC",null,"Buc",1,409.05,0.62,409.05,2]
["2024-05-09","ATLAS DIGITAL SA","EL094154295","JP","GR","EXW",1,1.1000000000000001,3,null,"32151900","ROLAND ESL3-440 YE",null,"Buc",2,409.05,1.24,818.1,2]
["2024-05-09","ATLAS DIGITAL SA","EL094154295","JP","GR","EXW",1,1.1000000000000001,3,null,"32151900","ROLAND TE2 INK LK 750cc",null,"Buc",1,348.45,1.71,348.45,2]
["2024-05-09","ATLAS DIGITAL SA","EL094154295","JP","GR","EXW",1,1.1000000000000001,3,null,"32151900","ROLAND TEXART INK 1L CY",null,"Buc",1,292.89999999999998,0.62,292.89999999999998,2]
["2024-05-09","ATLAS DIGITAL SA","EL094154295","JP","GR","EXW",1,1.1000000000000001,3,null,"32151900","ROLAND TEXART INK 1L MG",null,"Buc",1,292.89999999999998,0.62,292.89999999999998,2]
["2024-05-09","ATLAS DIGITAL SA","EL094154295","JP","GR","EXW",1,1.1000000000000001,3,null,"32151900","ROLAND TEXART INK 1L YE",null,"Buc",1,292.89999999999998,0.62,292.89999999999998,2]
["2024-05-09","ATLAS DIGITAL SA","EL094154295","JP","GR","EXW",1,1.1000000000000001,3,null,"32151900","ROLAND UV PRIMER METAL CMR-790 (1000 ml)",null,"Buc",1,126.25,0.68,126.25,2]
["2024-05-09","ATLAS DIGITAL SA","EL094154295","JP","GR","EXW",1,1.1000000000000001,3,null,"32151900","ROLAND EUV5 INK RE 500cc",null,"Buc",1,414.1,0.62,414.1,2]
["2024-05-09","ATLAS DIGITAL SA","EL094154295","JP","GR","EXW",1,1.1000000000000001,3,null,"32151900","ROLAND EUV5 INK MG 500cc",null,"Buc",3,414.1,1.86,1242.3,2]
["2024-05-17","ATLAS DIGITAL SA","EL094154295","JP","GR","EXW",1,1.1000000000000001,3,null,"32151900","ROLAND ESL3-440 YE",null,"Buc",1,409.05,0.62,409.05,2]
["2024-05-17","ATLAS DIGITAL SA","EL094154295","JP","GR","EXW",1,1.1000000000000001,3,null,"32151900","ROLAND TE2 INK YE 500cc",null,"Buc",4,214.63,2.84,858.5,2]
["2024-05-23","ATLAS DIGITAL SA","EL094154295","JP","GR","EXW",1,1.1000000000000001,3,null,"32151900","ROLAND UV INK UG-641 CY, 500cc",null,"Buc",3,252.5,1.41,757.5,2]
["2024-05-23","ATLAS DIGITAL SA","EL094154295","JP","GR","EXW",1,1.1000000000000001,3,null,"32151900","ROLAND UV INK UG-641 MG, 500cc",null,"Buc",3,252.5,1.41,757.5,2]
["2024-05-23","ATLAS DIGITAL SA","EL094154295","JP","GR","EXW",1,1.1000000000000001,3,null,"32151900","ROLAND UV INK UG-641 YE, 500cc",null,"Buc",3,252.5,1.41,757.5,2]
["2024-05-23","ATLAS DIGITAL SA","EL094154295","JP","GR","EXW",1,1.1000000000000001,3,null,"32151900","ROLAND UV INK UG-641 GL, 500cc",null,"Buc",5,252.5,2.35,1262.5,2]
["2024-05-23","ATLAS DIGITAL SA","EL094154295","JP","GR","EXW",1,1.1000000000000001,3,null,"32151900","ROLAND UV INK UG-641 WH, 220cc",null,"Buc",10,131.30000000000001,4.6999999999999993,1313,2,{"$f":"2561.2*0.6","v":1536.7199999999998}]
["2024-05-09","ATLAS DIGITAL SA","EL094154295","JP","GR","EXW",1,1.1000000000000001,3,null,"34029090","ROLAND ESL5P CLEANING POUCH 500cc",null,"Buc",1,189.38,0.45,189.38,2]
["2024-05-17","ATLAS DIGITAL SA","EL094154295","JP","GR","EXW",1,1.1000000000000001,3,null,"34029090","ROLAND ESL5P CLEANING POUCH 500cc",null,"Buc",1,189.38,0.45,189.38,2,{"$f":"2561.2*0.05","v":128.06}]
["2024-05-23","ATLAS DIGITAL SA","EL094154295","JP","GR","EXW",1,1.1000000000000001,3,null,"84433900","ROLAND UG-641 UV PRINTER-CUTTER 64″",null,"Buc",1,52015,94,52015,2,1543]
["2024-05-09","ATLAS DIGITAL SA","EL094154295","JP","GR","EXW",1,1.1000000000000001,3,null,"84439990","ROLAND ASSY,HEAD INKJET SOL XC-540 SV2",null,"Buc",2,2348.0500000000002,0,4696.1000000000004,2]
["2024-05-09","ATLAS DIGITAL SA","EL094154295","JP","GR","EXW",1,1.1000000000000001,3,null,"84439990","ROLAND ASSY,FLANGE GUIDE VP-540",null,"Buc",1,200.23,0,200.23,2]
["2024-05-09","ATLAS DIGITAL SA","EL094154295","JP","GR","EXW",1,1.1000000000000001,3,null,"84439990","ROLAND PLUG,STOPPER FAI3 CG2023",null,"Buc",10,7.58,0,75.75,2]
["2024-05-17","ATLAS DIGITAL SA","EL094154295","JP","GR","EXW",1,1.1000000000000001,3,null,"84439990","ROLAND XD-CH3",null,"Buc",4,242.4,0,969.6,2]
["2024-05-17","ATLAS DIGITAL SA","EL094154295","JP","GR","EXW",1,1.1000000000000001,3,null,"84439990","ROLAND P-ROLLER,TD16S4(B10) TYPE2-2 (EXT)",null,"Buc",6,137.87,0,827.19,2]
["2024-05-17","ATLAS DIGITAL SA","EL094154295","JP","GR","EXW",1,1.1000000000000001,3,null,"84439990","ROLAND PAD,CUTTER GX-640",null,"Buc",2,111.61,0,223.21,2]
["2024-05-17","ATLAS DIGITAL SA","EL094154295","JP","GR","EXW",1,1.1000000000000001,3,null,"84439990","ROLAND ASSY,WIPER HEAD SV2 CG2183",null,"Buc",1,203.52,0,203.52,2]
["2024-05-17","ATLAS DIGITAL SA","EL094154295","JP","GR","EXW",1,1.1000000000000001,3,null,"84439990","ROLAND CLEANER,PAD WIPER CG2183",null,"Buc",2,131.30000000000001,0,262.60000000000002,2]
["2024-05-17","ATLAS DIGITAL SA","EL094154295","JP","GR","EXW",1,1.1000000000000001,3,null,"84439990","ROLAND PLATE,CUT CABLE VG-640",null,"Buc",1,105.04,0,105.04,2]
["2024-05-17","ATLAS DIGITAL SA","EL094154295","JP","GR","EXW",1,1.1000000000000001,3,null,"84439990","ROLAND SHEET,CUT CABLE VG-640",null,"Buc",1,49.24,0,49.24,2]
["2024-05-17","ATLAS DIGITAL SA","EL094154295","JP","GR","EXW",1,1.1000000000000001,3,null,"84439990","ROLAND CABLE-CARD,15P1 3005L BB HIGH-V",null,"Buc",1,62.37,0,62.37,2]
["2024-05-17","ATLAS DIGITAL SA","EL094154295","JP","GR","EXW",1,1.1000000000000001,3,null,"84439990","ROLAND ASSY,CAP-TOP 2 XC-540 (UV ink)",null,"Buc",10,118.17,0,1181.7,2]
["2024-05-17","ATLAS DIGITAL SA","EL094154295","JP","GR","EXW",1,1.1000000000000001,3,null,"84439990","ROLAND ASSY,CAP-TOP SV VS-640_04",null,"Buc",10,256.04000000000002,21,2560.35,2,{"$f":"2561.2*0.3","v":768.3599999999999}]
["2024-05-02","BROTHER INT INDUSTRIEMASCHINEN GMBH","DE814895445","JP","DE","EXW",1,1.1000000000000001,3,null,"29094100","BROTHER GT-3 PRE-TREATMENT 20Kg (16 Lt)",null,"Buc",2,2363.4,24,4726.8,2]
["2024-05-23","BROTHER INT INDUSTRIEMASCHINEN GMBH","DE814895445","JP","DE","EXW",1,1.1000000000000001,3,null,"29094100","BROTHER GTX PRE-TREATMENT 20Kg (17,5 Lt)",null,"Buc",8,2116.96,96,16935.68,2,{"$f":"3130*0.05","v":156.5}]
["2024-05-02","BROTHER INT INDUSTRIEMASCHINEN GMBH","DE814895445","JP","DE","EXW",1,1.1000000000000001,3,null,"32151100","BROTHER GTX INK BLACK 700cc",null,"Buc",12,738.82,16.2,8865.7800000000007,2]
["2024-05-23","BROTHER INT INDUSTRIEMASCHINEN GMBH","DE814895445","JP","DE","EXW",1,1.1000000000000001,3,null,"32151100","BROTHER GTX INK BLACK 700cc",null,"Buc",12,738.82,16.2,8865.7800000000007,2]
["2024-05-23","BROTHER INT INDUSTRIEMASCHINEN GMBH","DE814895445","JP","DE","EXW",1,1.1000000000000001,3,null,"32151100","BROTHER GTX INK 1.8L BLACK",null,"Buc",1,1386.23,2.1,1386.23,2]
["2024-05-23","BROTHER INT INDUSTRIEMASCHINEN GMBH","DE814895445","JP","DE","EXW",1,1.1000000000000001,3,null,"32151100","BROTHER GT-3 INK BLACK 380cc",null,"Buc",1,625.70000000000005,1.05,625.70000000000005,2,{"$f":"3130*0.1","v":313}]
["2024-05-02","BROTHER INT INDUSTRIEMASCHINEN GMBH","DE814895445","JP","DE","EXW",1,1.1000000000000001,3,null,"32151900","BROTHER GTX INK WHITE 700cc (2 pcs)",null,"Buc",30,1236.75,87,37102.35,2]
["2024-05-23","BROTHER INT INDUSTRIEMASCHINEN GMBH","DE814895445","JP","DE","EXW",1,1.1000000000000001,3,null,"32151900","BROTHER GTX INK WHITE 700cc (2 pcs)",null,"Buc",30,1236.8499999999999,87,37105.379999999997,2]
["2024-05-23","BROTHER INT INDUSTRIEMASCHINEN GMBH","DE814895445","JP","DE","EXW",1,1.1000000000000001,3,null,"32151900","BROTHER GTX INK 18L WHITE (GTX BULK)",null,"Buc",2,8650.65,4.2,17301.3,2]
["2024-05-23","BROTHER INT INDUSTRIEMASCHINEN GMBH","DE814895445","JP","DE","EXW",1,1.1000000000000001,3,null,"32151900","BROTHER GTX INK MAGENTA 700cc",null,"Buc",12,738.82,16.2,8865.7800000000007,2]
["2024-05-23","BROTHER INT INDUSTRIEMASCHINEN GMBH","DE814895445","JP","DE","EXW",1,1.1000000000000001,3,null,"32151900","BROTHER GTX INK YELLOW 700cc",null,"Buc",12,738.82,16.2,8865.7800000000007,2]
["2024-05-23","BROTHER INT INDUSTRIEMASCHINEN GMBH","DE814895445","JP","DE","EXW",1,1.1000000000000001,3,null,"32151900","BROTHER GTX INK 1.8L MAGENTA",null,"Buc",1,1386.23,2.1,1386.23,2]
["2024-05-23","BROTHER INT INDUSTRIEMASCHINEN GMBH","DE814895445","JP","DE","EXW",1,1.1000000000000001,3,null,"32151900","BROTHER GTX INK 1.8L CYAN",null,"Buc",1,1386.23,2.1,1386.23,2]
["2024-05-23","BROTHER INT INDUSTRIEMASCHINEN GMBH","DE814895445","JP","DE","EXW",1,1.1000000000000001,3,null,"32151900","BROTHER GT-3 INK MAGENTA 380cc",null,"Buc",3,625.70000000000005,3.15,1877.09,2]
["2024-05-23","BROTHER INT INDUSTRIEMASCHINEN GMBH","DE814895445","JP","DE","EXW",1,1.1000000000000001,3,null,"32151900","BROTHER GT-3 INK YELLOW 380cc",null,"Buc",1,625.70000000000005,1.05,625.70000000000005,2]
["2024-05-23","BROTHER INT INDUSTRIEMASCHINEN GMBH","DE814895445","JP","DE","EXW",1,1.1000000000000001,3,null,"32151900","BROTHER GTX INK CYAN 700cc",null,"Buc",12,738.82,12.6,8865.7800000000007,2]
["2024-05-23","BROTHER INT INDUSTRIEMASCHINEN GMBH","DE814895445","JP","DE","EXW",1,1.1000000000000001,3,null,"32151900","BROTHER GT-3 INK CYAN 380cc",null,"Buc",1,625.70000000000005,1.05,625.70000000000005,2,{"$f":"3130*0.5","v":1565}]
["2024-05-02","BROTHER INT INDUSTRIEMASCHINEN GMBH","DE814895445","JP","DE","EXW",1,1.1000000000000001,3,null,"34029090","BROTHER FULL MAINTENANCE KIT (GT3)",null,"Set",2,218.16,2,436.32,2]
["2024-05-24","BROTHER INT INDUSTRIEMASCHINEN GMBH","DE814895445","JP","DE","EXW",1,1.1000000000000001,3,null,"34029090","BROTHER GTX GCX-4E02 CLEANING SOL. 1.8L",null,"Buc",6,272.7,24.6,1636.2,2,{"$f":"3130*0.2","v":626}]
["2024-05-02","BROTHER INT INDUSTRIEMASCHINEN GMBH","DE814895445","JP","DE","EXW",1,1.1000000000000001,3,null,"84439990","BROTHER WIPER CLEANER - 2pcs (GTX/PRO)",null,"Buc",10,74.239999999999995,0,742.35,2]
["2024-05-07","BROTHER INT INDUSTRIEMASCHINEN GMBH","DE814895445","JP","DE","EXW",1,1.1000000000000001,3,null,"84439990","BROTHER SUPPLY TUBE ASSY 26",null,"Buc",2,302.8,0,605.6,2]
["2024-05-07","BROTHER INT INDUSTRIEMASCHINEN GMBH","DE814895445","JP","DE","EXW",1,1.1000000000000001,3,null,"84439990","BROTHER SUPPLY TUBE ASSY 25",null,"Buc",2,302.08999999999997,0,604.17999999999995,2]
["2024-05-23","BROTHER INT INDUSTRIEMASCHINEN GMBH","DE814895445","JP","DE","EXW",1,1.1000000000000001,3,null,"84439990","BROTHER THM/HUM SENSOR:CHS-CSC-20 (GTX/PRO)",null,"Buc",4,29.9,0,119.58,2]
["2024-05-23","BROTHER INT INDUSTRIEMASCHINEN GMBH","DE814895445","JP","DE","EXW",1,1.1000000000000001,3,null,"84439990","BROTHER WIPER CLEANER - 2pcs (GTX/PRO)",null,"Buc",20,74.239999999999995,0,1484.7,2]
["2024-05-23","BROTHER INT INDUSTRIEMASCHINEN GMBH","DE814895445","JP","DE","EXW",1,1.1000000000000001,3,null,"84439990","BROTHER FAN FILTER SET (GTX)",null,"Buc",20,14.14,0,282.8,2]
["2024-05-24","BROTHER INT INDUSTRIEMASCHINEN GMBH","DE814895445","JP","DE","EXW",1,1.1000000000000001,3,null,"84439990","BROTHER THM/HUM SENSOR:CHS-CSC-20 (GTX/PRO)",null,"Buc",-4,29.9,0,-119.58,2]
["2024-05-24","BROTHER INT INDUSTRIEMASCHINEN GMBH","DE814895445","JP","DE","EXW",1,1.1000000000000001,3,null,"84439990","BROTHER THM/HUM SENSOR:CHS-CSC-20 (GTX/PRO)",null,"Buc",4,29.9,11,119.58,2,{"$f":"3130*0.3","v":939}]
["2024-05-10","STAHLS EUROPE GMBH","DE137872290","DE","DE","EXW",1,1.1000000000000001,3,null,"84519000","ST SP, CONTROL BOARD XF IQ GEN2",null,"Buc",1,2003.59,0,2003.59,2]
["2024-05-10","STAHLS EUROPE GMBH","DE137872290","DE","DE","EXW",1,1.1000000000000001,3,null,"84519000","ST SP, ADJUSTMENT SPINDLE",null,"Buc",1,167.36,7,167.36,2,{"$f":"20*5","v":100}]
["2024-05-17","WALTER SCHULZE GMBH","DE136596684","PL","DE","EXW",1,1.1000000000000001,3,null,"84439990","SCH PTM TANK FILTER SMALL",null,"Buc",10,24.24,0,242.4,2]
["2024-05-17","WALTER SCHULZE GMBH","DE136596684","PL","DE","EXW",1,1.1000000000000001,3,null,"84439990","SCH DTF FILM PREMUIM, 40cm x 100m ROLL",null,"Buc",10,423.44,3,4234.43,2,0]
["2024-05-17","WALTER SCHULZE GMBH","DE136596684","PL","DE","EXW",1,1.1000000000000001,3,null,"84812090","SCH ELECTRO VALVE",null,"Buc",6,335.32,3,2011.92,2,0]

{"sheet":"Sheet","index":1,"n_rows":0,"n_cols":0,"rows_kept":0,"cut":false,"hidden":false,"merged":[]}